000 00694nam a2200217 i 4500
001 18199
003 ES-MaACL
005 20250812080616.0
007 t|
008 011008s1949 fr ||||1| fre d
080 _a7.01:301
100 1 _aPlejanov, Gueorgii Valentinovich.
_992643
245 1 2 _aL'art et la vie sociale /
_cGeorges Plékhanov ; précéde de deux études de Jean Fréville.
260 _aParis :
_bEditions Sociales,
_c[1949]
300 _a317 p. :
_bretr. del autor ;
_c23 cm.
500 _aBiblioteca Juan Andrade.
650 7 _aArte y sociedad
_2embne
_9177489
700 1 _aFreville, Jean.
_952559
852 _aES-MaACL
_jAND-125
_bR.109491
999 _c18199
_d18199